A. WESLEY POWELL LEARNING RESOURCE CENTRE (WPLRC)

Wonderful Place to Learn, Research & Collaborate

The sociology of youth / (Record no. 2286)

MARC details
000 -LEADER
fixed length control field 00544nam a22002177a 4500
001 - ACCESSION NUMBER
control field 17565
003 - CONTROL NUMBER IDENTIFIER
control field OSt
005 - DATE AND TIME OF LATEST TRANSACTION
control field 20150413183915.0
008 - FIXED-LENGTH DATA ELEMENTS--GENERAL INFORMATION
fixed length control field 150413b xxu||||| |||| 00| 0 eng d
020 ## - INTERNATIONAL STANDARD BOOK NUMBER
International Standard Book Number 0946183066
040 ## - CATALOGING SOURCE
Original cataloging agency DDC
Language of cataloging eng
Transcribing agency DDC
Modifying agency DDC
082 ## - DEWEY DECIMAL CLASSIFICATION NUMBER
Edition number 305
100 ## - MAIN ENTRY--PERSONAL NAME
Relator code Frith, Simon
245 ## - TITLE STATEMENT
Title The sociology of youth /
Statement of responsibility, etc. Simon Frith._
250 ## - EDITION STATEMENT
Edition statement 1st ed.
260 ## - PUBLICATION, DISTRIBUTION, ETC. (IMPRINT)
Place of publication, distribution, etc. Ormskirk
Name of publisher, distributor, etc. Causeway Press
Date of publication, distribution, etc. 1984
300 ## - PHYSICAL DESCRIPTION
Extent 65 p.;
Dimensions 20 cm.
504 ## - BIBLIOGRAPHY, ETC. NOTE
Bibliography, etc includes bibliography and index
700 ## - ADDED ENTRY--PERSONAL NAME
Relator code Frith, Simon
942 ## - ADDED ENTRY ELEMENTS (KOHA)
Source of classification or shelving scheme Dewey Decimal Classification
Koha item type Books
Holdings
Withdrawn status Lost status Source of classification or shelving scheme Damaged status Not for loan Home library Current library Date acquired Total Checkouts Full call number Date last seen Price effective from Koha item type
    Dewey Decimal Classification     Wesley Powell Learning Resource Centre Wesley Powell Learning Resource Centre 04/13/2015   R 305.23 04/13/2015 04/13/2015 Books